000
00294nam a22001217a 4500
020
_a
0-85312-127-3
082
_a
005.13 BRA'I
100
_a
WALKER, A.N,BRAILSFORD, D.F
_9
76262
245
_a
INTRODUCTORY ALGOL 68 PROGRAMMING
260
_a
NEWYORK
_b
ELLIS
_c
1979
300
_a
281P
942
_c
BK
999
_c
581656
_d
581656